| 000 | 00456nam a22001577a 4500 | ||
|---|---|---|---|
| 005 | 20180723170858.0 | ||
| 020 |
_a817534489X _c250.00 |
||
| 035 | _aB-220690, B-220689 | ||
| 037 |
_aDPL _bENG |
||
| 100 | _aDas, P.K. | ||
| 245 |
_aUniversal's new law on Hindu succession / _cby P.K. Das |
||
| 250 | _arprn. | ||
| 260 |
_aNew Delhi _bUniversal Law Publishing Co. _c2006 |
||
| 300 |
_axi, 259p. _c22 cms. |
||
| 942 |
_2ddc _cEN _h346.54052 _mDAS |
||
| 999 |
_c67487 _d67487 |
||